<?xml version="1.0" encoding="UTF-8"?>
<record
    xmlns:xsi="http://www.w3.org/2001/XMLSchema-instance"
    xsi:schemaLocation="http://www.loc.gov/MARC21/slim http://www.loc.gov/standards/marcxml/schema/MARC21slim.xsd"
    xmlns="http://www.loc.gov/MARC21/slim">

  <leader>01141nam a22001457a 4500</leader>
  <controlfield tag="008">140917b        xxu||||| |||| 00| 0 eng d</controlfield>
  <datafield tag="020" ind1=" " ind2=" ">
    <subfield code="a">1854316281</subfield>
  </datafield>
  <datafield tag="100" ind1=" " ind2=" ">
    <subfield code="a">Arora, Anu</subfield>
  </datafield>
  <datafield tag="245" ind1=" " ind2=" ">
    <subfield code="a">Practical banking and building society law. /</subfield>
    <subfield code="c">Anu Arora</subfield>
  </datafield>
  <datafield tag="260" ind1=" " ind2=" ">
    <subfield code="a">London:</subfield>
    <subfield code="b">Blackstone,</subfield>
    <subfield code="c">1997.</subfield>
  </datafield>
  <datafield tag="300" ind1=" " ind2=" ">
    <subfield code="a">xl, 430p.</subfield>
    <subfield code="c">22cm.</subfield>
  </datafield>
  <datafield tag="500" ind1=" " ind2=" ">
    <subfield code="a">Includes index</subfield>
  </datafield>
  <datafield tag="505" ind1=" " ind2=" ">
    <subfield code="a">Content: The City of London as a financial centre -- What is a bank or bulding society? -- Regulation of the banking sector -- Regulation of building societies -- Banking and the single European market -- Customers -- The Bank account -- Creation of the banker and customer relationship -- Termination of the banker and customer relationship -- Negotiable instruments and the cheque as a bill of exchange -- Rights and liabilities of the parties to exchange -- Cheques on a banker and the protection of the paying and collecting banks -- Payment by plastic card -- Credit transfers and direct debits -- Remedies to recover money -- Bank finance -- Bankers' securities -- Recovery of bank advances -- Mortgage finance by building societies for house purchase.</subfield>
  </datafield>
  <datafield tag="942" ind1=" " ind2=" ">
    <subfield code="2">lcc</subfield>
    <subfield code="c">BK</subfield>
  </datafield>
  <datafield tag="999" ind1=" " ind2=" ">
    <subfield code="c">4939</subfield>
    <subfield code="d">12439</subfield>
  </datafield>
  <datafield tag="952" ind1=" " ind2=" ">
    <subfield code="0">0</subfield>
    <subfield code="1">0</subfield>
    <subfield code="2">lcc</subfield>
    <subfield code="4">0</subfield>
    <subfield code="7">0</subfield>
    <subfield code="a">WIUC-1</subfield>
    <subfield code="b">WIUC-1</subfield>
    <subfield code="c">LL</subfield>
    <subfield code="d">2014-09-17</subfield>
    <subfield code="l">0</subfield>
    <subfield code="p">185/13</subfield>
    <subfield code="r">2014-09-17 00:00:00</subfield>
    <subfield code="w">2014-09-17</subfield>
    <subfield code="y">BK</subfield>
  </datafield>
</record>
